| 000 | 00440nam a22001577a 4500 | ||
|---|---|---|---|
| 005 | 20260421122947.0 | ||
| 008 | 260421b |||||||| |||| 00| 0 eng d | ||
| 020 | _qhbk | ||
| 082 | _a348.7323 UNI.16 | ||
| 245 | _aUnited states code service:conservation 411-460ttt-2 title 16 USCS | ||
| 250 | _aLawyers | ||
| 260 |
_acharlottesville: _bLexis Nexis, _c2007. |
||
| 300 |
_axxx,1007p. _c;24cm. |
||
| 650 | _aconservation | ||
| 942 | _cENGLISH | ||
| 999 |
_c619666 _d619666 |
||